Madre África (Registro nro. 437136)

Detalles MARC
000 -LÍDER
Campo fijo de descripción fija 00755nam a22002297a 4500
003 - IDENTIFICADOR DEL NÚMERO DE CONTROL
Campo de control BCEG
005 - FECHA Y HORA DE LA ULTIMA TRANSACCIÓN
control field 20260325134724.0
008 - ELEMENTOS DE LONGITUD FIJA -- INFORMACIÓN GENERAL
Campo fijo de descripción fija -- Información general 260325s2006 mx |||||||||||||||||spa d
020 ## - ISBN
Isbn 9707017015
040 ## - FUENTE DE CATALOGACIÓN
Agencia de catalogación original BCEG
Idioma de catalogación spa
Agencia que realiza la transcripción BCEG
082 ## - NÚMERO DE CLASIFICACIÓN DECIMAL DEWEY
Número de clasificación 972.620496
Clave de autor-Numero de item M938m
100 1# - ASIENTO PRINCIPAL--NOMBRE PERSONAL
Nombre del autor personal Moya Palencia, Mario,
Fechas asociadas con el nombre 1933-2006.
245 10 - TÍTULO PROPIAMENTE DICHO
Título Madre África
Otra información sobre el título - Subtitulo : presencia del África negra en el México y Veracruz antiguos.
260 ## - PUBLICACIÓN, DISTRIBUCIÓN, ETC. (PIE DE IMPRENTA)
Lugar de publicación, distribución, etc. México :
Nombre del editor, distribuidor, etc. Miguel Ángel Porrúa,
Fecha de publicación, distribución, etc. 2006.
300 ## - DESCRIPCIÓN FÍSICA
Extensión 332 p. :
Otros detalles físicos fot.
504 ## - NOTA DE BIBLIOGRAFÍA, ETC.
Nota de bibliografía, etc Incluye bibliografía.
541 ## - NOTA DE FUENTE INMEDIATA DE ADQUISICIÓN
Nota de fuente de adquisición Compra.
650 14 - ASIENTO SECUNDARIO DE MATERIA - TERMINO TEMÁTICO
Término temático o nombre geográfico como elemento de entrada Indios de México
Subdivisión geográfica Veracruz (México)
Subdivisión general Influencia africana.
650 14 - ASIENTO SECUNDARIO DE MATERIA - TERMINO TEMÁTICO
Término temático o nombre geográfico como elemento de entrada Afrodescendientes
Subdivisión general Historia
Subdivisión geográfica México.
650 14 - ASIENTO SECUNDARIO DE MATERIA - TERMINO TEMÁTICO
Término temático o nombre geográfico como elemento de entrada Negros
Subdivisión geográfica Veracruz
Subdivisión general Vida social y costumbres.
942 ## - TIPO DE MATERIAL (KOHA)
Tipo de Item KOHA Libro
Existencias
No para Préstamo Colección Biblioteca de Origen Biblioteca Permanente Fecha de Adquisición Fuente de Adquisicion Total de Préstamos Signatura Topográfica Código de Barras Última vez visto Tipo de Material Ejemplar
Material en Reserva General Biblioteca Central Estatal de Guanajuato, "Wigberto Jiménez Moreno" Biblioteca Central Estatal de Guanajuato, "Wigberto Jiménez Moreno" 25/03/2026 COMPRA-2025   972.620496 M938m BCEG8655231074 25/03/2026 Libro  
  General Biblioteca Central Estatal de Guanajuato, "Wigberto Jiménez Moreno" Biblioteca Central Estatal de Guanajuato, "Wigberto Jiménez Moreno" 25/03/2026 COMPRA-2025   972.620496 M938m BCEG8655231075 25/03/2026 Libro ej. 2